| 000 | 00578nam a2200193Ia 4500 | ||
|---|---|---|---|
| 005 | 20250423095538.0 | ||
| 008 | 250422s9999 xx 000 0 und d | ||
| 020 | _a9780321531988 | ||
| 050 | _aQA 20.C34 P466/ | ||
| 100 | _aPenna, Judith A. | ||
| 245 | 0 | _aGraphing calculator manual : algebra and trigonometry, graphs & models and precalculus; graphs & models | |
| 250 | _a4th ed. | ||
| 260 | _aBoston | ||
| 260 | _bAddison Wesley | ||
| 260 | _c2009 | ||
| 300 | _a145 p | ||
| 650 | _aAlgebra. Algebra_Graphic methods. Trigonometry. Graphic calculators. | ||
| 942 | _cBK | ||
| 999 |
_c30598 _d30598 |
||